00554nam a2200169 a 450000500170000000800410001702000180005805000290007610000150010524501040012026000520022430000220027652100090029865000270030765000260033465000240036020140310183456.0091207s19uu xx 00 eng d a9780763738686 aHF 5549.5.R44b.L45 2007 aLevoy, Bob a222 secrets of hiring, managing, and retaining great employees in healthcare practices /cBob Levoy aBoston :bJones and Bartlett Publishers,c2007. a322 p. :c23 cm.  aBSBA aEmployeesxRecruiting. aPersonnel management. aEmployee retention.